Katholische und orthodoxe Theologie im Dialog mit der Medizin /

Bioethische Fragen am Anfang und Ende des menschlichen Lebens aufgrund neuer medizintechnischer Möglichkeiten, insbesondere durch Künstliche Intelligenz, bedürfen der ethischen Analyse. Der ökumenische Dialog der katholischen und orthodoxen Theologie steht dabei vor der Herausforderung, dass es häuf...

Full description

Saved in:

Other Authors: Athanasiou, Stefanos (Editor)

Format: eBook

Language: English
German

Published: Paderborn : Ferdinand Schöningh, Brill Deutschland, 2024.

Series: Christliche Sozialethik im Diskurs ; 13.
Schöningh, Fink and mentis Religious Studies, Theology and Philosophy E-Books Online, Collection 2025.

Subjects:

Online Access: Login to view Source

Tags: Add Tag

No Tags, Be the first to tag this record!

Call Number: BT77

LEADER 02566nam a22004938i 4500
001 BRILL9783657796359
003 nllekb
005 20241030073756.0
006 m d
007 cr un uuuua
008 240912s2024 gw sb 001 0 eng d
020 |a 9783657796359  |q (electronic book) 
020 |z 9783506796356  |q (print) 
024 7 |a 10.30965/9783657796359  |2 DOI 
035 |z (OCoLC)1432416926 
040 |a NL-LeKB  |c NL-LeKB  |e rda 
041 |a ger 
050 4 |a BT77 
072 7 |a HRAM1  |2 bicssc 
072 7 |a PHI  |x 005000  |2 bisacsh 
072 7 |a PHI  |x 022000  |2 bisacsh 
072 7 |a REL  |x 028000  |2 bisacsh 
082 0 4 |a 230  |2 23 
245 1 0 |a Katholische und orthodoxe Theologie im Dialog mit der Medizin /  |c edited by Stefanos Athanasiou. 
264 1 |a Paderborn :  |b Ferdinand Schöningh, Brill Deutschland,  |c 2024. 
264 4 |c ©2024 
300 |a 1 online resource (104 pages) :  |b illustrations. 
336 |a text  |b txt  |2 rdacontent 
337 |a computer  |b c  |2 rdamedia 
338 |a online resource  |2 rdacarrier 
490 1 |a Christliche Sozialethik im Diskurs ;  |v 13 
490 1 |a Schöningh, Fink and mentis Religious Studies, Theology and Philosophy E-Books Online, Collection 2025 
504 |a Includes bibliographical references and index. 
520 |a Bioethische Fragen am Anfang und Ende des menschlichen Lebens aufgrund neuer medizintechnischer Möglichkeiten, insbesondere durch Künstliche Intelligenz, bedürfen der ethischen Analyse. Der ökumenische Dialog der katholischen und orthodoxen Theologie steht dabei vor der Herausforderung, dass es häufig weniger um dogmatische Schwierigkeiten geht als darum, wie sich Christinnen und Christen bei bioethischen Fragen in säkularen Gesellschaften positionieren sollten. Die wichtigste katholisch-orthodoxe Gemeinsamkeit ist dabei die Orientierung an den anthropologischen Grundlagen, die das christliche Menschenbild bereitstellt. See Less 
546 |a German 
588 |a Description based on print version record. 
650 0 |a Theology and World Christianity. 
700 1 |a Athanasiou, Stefanos,  |e editor. 
776 0 8 |i Print version:  |t Katholische und orthodoxe Theologie im Dialog mit der Medizin.  |d Paderborn : Ferdinand Schöningh, Brill Deutschland, 2024.  |z 9783506796356 
830 0 |a Christliche Sozialethik im Diskurs ;  |v 13. 
830 0 |a Schöningh, Fink and mentis Religious Studies, Theology and Philosophy E-Books Online, Collection 2025. 
856 4 |z DOI:   |u http://dx.doi.org/10.30965/9783657796359 
942 |2 lcc  |c EBOOK 
999 |c 59695  |d 59695